000 00342cam a2200133ua 4500
041 _aeng
_h
100 _aKulkarni, S.G .
245 _aMachine design /
_cS.G Kulkarni.
_hTextual Documents
260 _aNew Delhi :
_bTata Mc-Graw Hill Publishing Company ,
_c2003.
300 _a ;
_e`.
504 _a
942 _cBK
999 _c13014
_d13014